000 01066nas a2200373 4500
001 BR2011002018
003 BR-BrBNA
005 20231205114541.0
007 ta
008 230509b bl.|||p| |||| 00| 00por d
040 _aBR-BrBNA
_bpor
_cBiblioteca Nacional de Agricultura
041 _a(En)
072 _aL74; L70
100 1 _aCoutinho, P.S.
100 1 _aOcarino, N.M.
100 1 _aFerreira, M.B.
100 1 _aResende, R.
100 1 _aSilva, V.L.
100 1 _aGuedes, R.M.C.
100 1 _aSerakides, R.
245 1 _aFamilial osteopetrosis in Agouti paca: report of nine cases
650 _aOSSO
650 _aPACA
650 _aESQUELETO
650 _aLESÃO
650 _aCORTEX
650 _aDISTÚRBIO METABÓLICO
650 _aDISTÚRBIO GENÉTICO
650 _aFISIOPATOLOGIA
650 _aVETERINÁRIA
773 0 _tArquivo Brasileiro de Medicina Veterinária e Zootecnia (Brazil)
_xISSN 0102-0935
_g(Dec 2008), v. 60(6) p. 1454-1460
_wBR2011002018
909 _a202311
_bLúcia
_c55
_dLúcia Elande
942 _2AGRIS
_n0
_cANA
999 _c209284
_d209284